Spotrebiteľské správanie
Salvato in:
| Autore principale: | |
|---|---|
| Altri autori: | , , , , |
| Natura: | Libro |
| Lingua: | slovacco |
| Pubblicazione: |
Bratislava
Sprint 2
2015
|
| Edizione: | 1. vyd. |
| Soggetti: | |
| Tags: |
Nessun Tag, puoi essere il primo ad aggiungerne!!
|
MARC
| LEADER | 00000nam a2200000 4500 | ||
|---|---|---|---|
| 001 | 0205201 | ||
| 005 | 20240502073424.0 | ||
| 020 | |a 978-80-89710-18-8 | ||
| 041 | 0 | |a slo | |
| 044 | |a SK | ||
| 245 | 1 | 0 | |a Spotrebiteľské správanie |c Kornélia Richterová, Dagmar Klepochová, Janka Kopaničová, Štefan Žák ; recenzovali: Júlia Lipianska, Mária Tajtáková |
| 250 | |a 1. vyd. | ||
| 264 | 1 | |a Bratislava |b Sprint 2 |c 2015 | |
| 300 | |a 401 s. [22,89 AH] | ||
| 610 | 2 | 0 | |a správanie spotrebiteľa |
| 610 | 2 | 0 | |a spotrebitelia |
| 610 | 2 | 0 | |a nákup |
| 610 | 2 | 0 | |a spokojnosť zákazníkov |
| 100 | 1 | |a Richterová, Kornélia | |
| 700 | 1 | |a Klepochová, Dagmar, 1968- | |
| 700 | 1 | |a Kopaničová, Janka, 1979- | |
| 700 | 1 | |a Žák, Štefan, 1971- | |
| 700 | 1 | |a Lipianska, Júlia | |
| 700 | 1 | |a Tajtáková, Mária | |